Normal view
MARC view
- Chen, Yu.
Entry Personal Name
001 - CONTROL NUMBER
- control field: 53861
003 - CONTROL NUMBER IDENTIFIER
- control field: OSt
005 - DATE AND TIME OF LATEST TRANSACTION
- control field: 20240301135035.0
008 - FIXED-LENGTH DATA ELEMENTS
- fixed length control field: 240301|| aca||aabn | a|a d
040 ## - CATALOGING SOURCE
- Original cataloging agency: OSt
- Transcribing agency: OSt
100 ## - HEADING--PERSONAL NAME
- Personal name: Chen, Yu.
- Relator term: author.
670 ## - SOURCE DATA FOUND
- Source citation: Work cat.: (OSt): Chen, Yu. author., Thermal mitigation and optimization via multitier bond wire layout for IGBT modules considering multicellular electro-thermal effect / , June 2022.
